Normal view
MARC view
- Gott, J. Richard
Entry Personal Name
001 - CONTROL NUMBER
- control field: 100861
003 - CONTROL NUMBER IDENTIFIER
- control field: NUST
005 - DATE AND TIME OF LATEST TRANSACTION
- control field: 20221019152251.0
008 - FIXED-LENGTH DATA ELEMENTS
- fixed length control field: 221019|| aca||aabn | a|a d
040 ## - CATALOGING SOURCE
- Original cataloging agency: NUST
- Transcribing agency: NUST
100 ## - HEADING--PERSONAL NAME
- Personal name: Gott, J. Richard
670 ## - SOURCE DATA FOUND
- Source citation: Work cat.: (NUST)0: Tyson, Neil deGrasse, author. 100855, Welcome to the universe in 3D :, 2020
